LEADER 01526nam a2200229 i 4500 001 000000241626 003 CaOOAMICUS 005 20250905145550.0 008 150507s1643 it u000 u fre u 013 $a220531 026 $ae,m- s.ui s.le poco (3) 1643 (R) 040 $aSeMil$bita 110 2 $aSovrano militare ordine ospedaliero di San Giovanni di Gerusalemme, di Rodi e di Malta.$0(OLS)http://semarc/name/81693 245 10$a[2]: Les statuts de l'ordre de Sainct Iean de Hierusalem. 300 $a331, [1] p. 500 $aSegue, a p. 173, con proprio front. datato 1629: Les ordonnances du chapitre general tenu en l'annee 1603. par ... Alof de Vignacourt 500 $aSegn.: A-2B6 773 0 $aBosio, Giacomo <1544-1627>$tHistoire des chevaliers de l'ordre de S. Iean de Hierusalem, contenant leur admirable institution & police; la suitte des guerres de la Terre Saincte, ou ils se sont trouuez, & leurs continuels voyages, enterprises, batailles, assauts & rencontres. Cy-devant escrite par le seu S.D.B.D.L. divisée par chapitres ... par I. Baudoin.$bDerniere edition ou l'on a joinct les ordonnances du chapitre general, tenuen l'an 1632. ... par F. A. De Naberat, ...$dA Paris : Pour Iacques d' Allin, sur le Pont-neuf, vis a vis la Samaritaine, 1643.$g2$w()31860 850 $aSeMil 852 $aSeMil$W1$xVenegono$y1$m3E VI 26 FA$j191972$B191972$CSeMilBibl$Z2$F202760 $8I 996 $6245$a[2]: Les statuts de l'ordre de Sainct Iean de Hierusalem$9(OLS)http://semarc/title/343390 LEADER 01388nam a2200301 i 4500 001 000000111654 003 CaOOAMICUS 005 20030127000000.0 008 030127s1979 pl u000 u eng u 013 $a84336 040 $aSeMil$bita 100 1 $aRozanow, Zofia.$0(OLS)http://semarc/name/46794 245 14$aThe cultural heritage of Jasna Góra /$cZofia Rozanow and Ewa Smulikowska ; with an introduction by Wladyslaw Tomkiewicz and photographs by Jan Michlewski and Janusz Rosikón. 250 $a2. ed., revised and elarged. 260 $aWarsaw :$bInterpress Publishers,$c1979. 300 $a210 p. :$bill. color. ;$c25 x 22 cm. 500 $aContiene : Selected bibliography. - Fondo Card. C.M. Martini. 650 4$aGóra, Jasna.$0(OLS)http://semarc/subject/20025 700 1 $aSmulikowska, Ewa.$0(OLS)http://semarc/name/46795 700 1 $aRosikón, Janusz.$0(OLS)http://semarc/name/46798 700 1 $aMichlewski, Jan.$0(OLS)http://semarc/name/46797 700 1 $aTomkiewicz, Wladyslaw.$0(OLS)http://semarc/name/46796 850 $aSeMil 852 $aSeMil$W1$xVenegono$y1$m5H XVI 130$j67475$B67475$CSeMilBibl$Z2$F91941 $81 941 1 $a4 961 $aOmaggio: Martini Card. Carlo Maria 996 $6245$aThe cultural heritage of Jasna Góra$9(OLS)http://semarc/title/162585 996 $6260$aWarsaw :$bInterpress Publishers$9(OLS)http://semarc/publisher/40013